000 00764nam a2200241 a 4500
001 BRCA_3724
005 20190320204411.0
008 140909s1825----uk #---###---#000-0#eng-#
041 _aeng
044 _aUk
050 4 _aF2213
_b.H35 1825
100 1 _aHall, Basin
_d1788-1844
_99690
245 1 0 _aExtracts from a journal written on the coasts of Chili, Peru, and Mexico in the years 1820-1821, 1822
_bby Captain Basin Hall.
260 _aEdinburgh
_bArchibald, Constable and Co.
_c1825
300 _a2 v.
_c19 cm.
500 _aB347
650 1 4 _aViajeros ingleses
_97018
651 4 _aChile
_xDescripción y viajes
_99691
651 4 _aPerú
_xDescripción y viajes
_9512
651 4 _aMéxico
_xDescripción y viajes
_9103
902 _aGFM
942 _2lcc
_cB
999 _c3453
_d3453